000
00312nam a2200133Ia 4500
008
230917s9999||||xx |||||||||||||| ||und||
040
_e
49707
_a
MAIN
041
_a
English
082
_a
320.954 M687L
100
_a
Mishra, D P
245
0
_a
Living an era. 2V
260
_a
New Delhi
_b
Vikas
_c
1978
942
_c
BK
999
_c
141240
_d
141240